Titre de chanson par définition #2 - Statistiques

Statistiques générales
  • Ce quiz a été pris 517 fois
  • Le résultat moyen est 16 sur 20
Statistiques - réponses
Chanteur Définition Chanson % Correct
Koxie Si je ne suis pas une fille, je suis un... Garçon
98%
Les Beatles "Hier" en anglais Yesterday
96%
Vianney Un éléphant aux grandes oreilles chez Disney. Dumbo
95%
Garou Quand on est pas plusieurs. Seul
95%
Crazy Frog Obtenu en faisant chauffer du maïs. Popcorn
94%
Lady Gaga et Beyonce Appareil servant à appeler quelqu'un à distance. Téléphone
94%
Mylène Farmer Taille de vêtement, supérieur au XL. XXL
92%
Rihanna "Parapluie" en anglais. Umbrella
91%
Jean-Jacques Goldman Les personnes apparentées vivant sous le même toit et, spécialement, le père, la mère et les enfants. Famille
90%
The Cranberries Monstre, aussi appelé "mort-vivant". Zombie
90%
Raphaël Pouvant être tractée sur un véhicule et servant de "mini-maison" Caravane
89%
Emile et Image Nom souvent donné par les enfant à l'institutrice en école primaire. Maitresse
89%
Nuttea Dans 25, 2 est le chiffre des dizaines et 5 celui des ... Unité
86%
Imagine Dragons "Requins" en anglais. Sharks
84%
Daniel Lavoie, Garou et Patrick Fiori Se dit d'une femme "agréable à regarder". Belle
83%
Georges Brassens Quand il pleut et qu'il y a du tonnerre. L'orage
81%
Roch Voisine Prénom d'une héroïne de série TV, accompagnée "des garçons". Hélène
79%
Johnny Hallyday Poste d'observation, de surveillance (dans un camp, une prison) Mirador
42%
Jessie J Jeu de société avec des petites pièces ou l'on trouve 2 chiffres de 0 à 6. Domino
41%
Eminem feat Dido Prénom d'un des 4 personnages principales de la série South Park. Stan
35%
Aucun quiz correspondant
Distribution des résultats
% des personnes avec chaque résultat
Percentile par nombre de réponses
Votre historique - résultats
Vous n’avez pas pris ce quiz